ARRUPE JESUIT UNIVERSITY

CORONAVIRUS -STOP THE SPREAD - CLEAN,DISINFECT,COVER

Whose church? : (Record no. 120976)

MARC details
000 -LEADER
fixed length control field 01984cam a22003854a 4500
001 - CONTROL NUMBER
control field 6864923
003 - CONTROL NUMBER IDENTIFIER
control field ARRUPE
005 - DATE AND TIME OF LATEST TRANSACTION
control field 20140925140007.0
008 - FIXED-LENGTH DATA ELEMENTS--GENERAL INFORMATION
fixed length control field 071106s2008 nyu b 000 0 eng
010 ## - LIBRARY OF CONGRESS CONTROL NUMBER
LC control number 2007045961
020 ## - INTERNATIONAL STANDARD BOOK NUMBER
International Standard Book Number 9781595583352
020 ## - INTERNATIONAL STANDARD BOOK NUMBER
International Standard Book Number 1595583351
024 ## - OTHER STANDARD IDENTIFIER
Standard number or code 99821247198
035 ## - SYSTEM CONTROL NUMBER
System control number (OCoLC)ocn181368778
035 ## - SYSTEM CONTROL NUMBER
System control number (OCoLC)181368778
Canceled/invalid control number (OCoLC)181139959
035 ## - SYSTEM CONTROL NUMBER
System control number (NNC)6864923
040 ## - CATALOGING SOURCE
Original cataloging agency DLC
Transcribing agency DLC
Modifying agency BAKER
-- BTCTA
-- YDXCP
-- C#P
-- OrLoB-B
050 00 - LIBRARY OF CONGRESS CALL NUMBER
Classification number BX1396.2
Item number .M34 2008
082 00 - DEWEY DECIMAL CLASSIFICATION NUMBER
Classification number 282.09/051
Edition number 22
300 ## - PHYSICAL DESCRIPTION
Dimensions 20 cm.
100 1# - MAIN ENTRY--PERSONAL NAME
Personal name Maguire, Daniel C.
9 (RLIN) 11717
245 10 - TITLE STATEMENT
Title Whose church? :
Remainder of title a concise guide to progressive Catholicism /
Statement of responsibility, etc Daniel C. Maguire.
260 ## - PUBLICATION, DISTRIBUTION, ETC. (IMPRINT)
Place of publication, distribution, etc New York :
Name of publisher, distributor, etc The New Press :
-- Distributed by W.W. Norton,
Date of publication, distribution, etc 2008.
300 ## - PHYSICAL DESCRIPTION
Extent xii, 178 p. ;
490 1# - SERIES STATEMENT
Series statement Whose religion?
500 ## - GENERAL NOTE
General note Series statement from jacket.
504 ## - BIBLIOGRAPHY, ETC. NOTE
Bibliography, etc Includes bibliographical references (p. [163]-178).
505 00 - FORMATTED CONTENTS NOTE
Miscellaneous information 1.
Title Good Sex (Even Catholics Can Have It) --
Miscellaneous information 2.
Title Male and Female Were We Made (With Some Variations on Those Themes) --
Miscellaneous information 3.
Title The Perennial Orphans of American Conscience --
Miscellaneous information 4.
Title War Is for Dummies (Antidotes in Lost Traditions) --
Miscellaneous information 5.
Title Upwardly Mobile Poverty: An Unnecessary Metastasis --
Miscellaneous information 6.
Title Earth Threats, Earth Hopes.
520 1# - SUMMARY, ETC.
Summary, etc "At last, a road map for progressive Catholics who long to reconcile their political and religious beliefs. In one thoughtful, concise book, leading Catholic thinker Daniel C. Maguire shows how a progressive outlook is at the core of Catholic social teaching and takes a close look at what the Bible actually has to say about the critical issues of cur time: race, war, gender equality, social justice, sexuality, and the environment."--BOOK JACKET.
610 20 - SUBJECT ADDED ENTRY--CORPORATE NAME
Corporate name or jurisdiction name as entry element Catholic Church
General subdivision History
Chronological subdivision 21st century.
9 (RLIN) 11718
650 #0 - SUBJECT ADDED ENTRY--TOPICAL TERM
Topical term or geographic name as entry element Liberalism.
9 (RLIN) 11719
830 #0 - SERIES ADDED ENTRY--UNIFORM TITLE
Uniform title Whose religion?
9 (RLIN) 11720
900 ## - EQUIVALENCE OR CROSS-REFERENCE-PERSONAL NAME [LOCAL, CANADA]
Numeration TOC
942 ## - ADDED ENTRY ELEMENTS (KOHA)
Source of classification or shelving scheme Library of Congress Classification
Koha item type Monograph ( Printed materials)
948 1# - LOCAL PROCESSING INFORMATION (OCLC); SERIES PART DESIGNATOR (RLIN)
Series part designator, SPT (RLIN) 20080912
b (OCLC) c
c (OCLC) jeb52
d (OCLC) MPS
Holdings
Withdrawn status Lost status Source of classification or shelving scheme Damaged status Not for loan Collection code Home library Current library Shelving location Date acquired Total Checkouts Full call number Barcode Date last seen Price effective from Koha item type
    Library of Congress Classification     Main Collection ARRUPE LIBRARY ARRUPE LIBRARY Main Collection 25/09/2014   BX1396.2 .M34 2008 46500001387 22/11/2017 25/09/2014 Monograph ( Printed materials)

 

Arrupe Library. PO Box MP320 Mt Pleasant, Harare, Zimbabwe
263 242 745411|librarian@aju.ac.zw